00465nam a2200133Ia 4500008004100000082001500041100002700056245005200083260004000135300000900175942001200184999001900196952011600215210430s9999 xx 000 0 und d a545 H254 Q aDaniel C.Harris952173 aQuantitative Chemical AnalysiscDaniel C.Harris aNew yorkbW.H.Freeman companyc1999 a899p cBK2ddc c562401d562401 001040708NFICaSCMEbSCMEcGENd0000-00-00l1o545 H254 QpSCME-1271r2022-05-31s2022-05-11w2021-04-30yBK